Γυναίκες στις επιστήμες των μαθηματικών : ιστορίες ζωής και ιστορίες παραγωγής μαθηματικής γνώσης

Αποθηκεύτηκε σε:
Λεπτομέρειες βιβλιογραφικής εγγραφής
Κύριος συγγραφέας: Χρονάκη, Άννα
Συγγραφή απο Οργανισμό/Αρχή: Πανεπιστήμιο Θεσσαλίας. Σχολή Ανθρωπιστικών και Κοινωνικών Επιστημών. Παιδαγωγικό Τμήμα Προσχολικής Εκπαίδευσης
Άλλοι συγγραφείς: Κερμανίδη, Θεοδώρα Μαρία, Κατσιαμπούρα, Γιάννα
Μορφή: Βιβλίο
Γλώσσα:Greek
Δημοσίευση: [Χ.τ.] : [χ.ό], [2008].
Θέματα:
Ετικέτες: Προσθήκη ετικέτας
Δεν υπάρχουν, Καταχωρήστε ετικέτα πρώτοι!

MARC

LEADER 00000cam a2200000 i 4500
001 1/7252
008 100507s2008 gr | ||| |||| ||gre||
020 |a 9789608029897 
035 |l 10107796 
040 |a GR-MY-UA  |b gre  |e aacr 
041 0 |a gre 
082 0 |a 510.92  |2 (22) 
100 1 |a Χρονάκη, Άννα. 
245 1 0 |a Γυναίκες στις επιστήμες των μαθηματικών :  |b ιστορίες ζωής και ιστορίες παραγωγής μαθηματικής γνώσης /  |c Άννα Χρονάκη, Θεοδώρα Μαρία Κερμανίδη, Γιάννα Κατσιαμπούρα ; Πανεπιστήμιο Θεσσαλίας, Παιδαγωγικό Τμήμα Προσχολικής Εκπαίδευσης 
260 |a [Χ.τ.] :   |b [χ.ό],   |c [2008].  
300 |a 39 σ. :   |b εικ. ;   |c 24 εκ. 
504 |a Περιέχει βιβλιογραφικές παραπομπές. 
650 0 0 |a Women mathematicians  |x Biography. 
650 0 0 |a Women mathematicians. 
700 1 |a Κερμανίδη, Θεοδώρα Μαρία. 
700 1 |a Κατσιαμπούρα, Γιάννα. 
710 2 |a Πανεπιστήμιο Θεσσαλίας.   |b Σχολή Ανθρωπιστικών και Κοινωνικών Επιστημών.   |b Παιδαγωγικό Τμήμα Προσχολικής Εκπαίδευσης. 
852 |a INST  |b LESVOS  |e 20100507  |h 510.92 ΧΡΟ  |p 005100047120  |q 005100047120  |t BK  |y 0 
901 |a BIBL1-2010-2 
909 |a Λ  |b 163222 
970 |a ΚΑΡΑ  |b ΓΙΑΣΕΜΗ  |z 2010/05/07